|
|
|
|
| LEADER |
00000nab a2200000 a 4500 |
| 001 |
vtls000513201 |
| 003 |
SK-MaSNL |
| 005 |
20260304092643.0 |
| 008 |
250425c1993 xo 0 slo |
| 015 |
|
|
|a SNBRB19rr/mm-uuuuu
|
| 035 |
|
|
|a CL0513339
|
| 035 |
|
|
|a urn:nbn:sk:snk-abalxp
|
| 035 |
|
|
|a (urnnbn)urn:nbn:sk:snk:ar-008fkn
|
| 035 |
|
|
|a (uuid)fd48959b-6b62-4a76-a405-24dd7b247c04
|
| 040 |
|
|
|a SNKBUCL
|b slo
|c SNKBUCL
|e AACR2
|
| 041 |
0 |
|
|a cze
|
| 044 |
|
|
|a xo
|c SK
|
| 080 |
|
|
|a 617.72-002
|2 1981
|
| 100 |
1 |
|
|a Casany, Manuel Quintana
|4 aut
|9 1386806
|
| 245 |
1 |
0 |
|a Sekundární uveitidy u intraokulárních čoček
|c Manuel Quintana Casany
|
| 650 |
0 |
7 |
|a uvea
|2 snkbucl
|9 72919
|
| 650 |
0 |
7 |
|a uveitída sekundárna
|2 snkbucl
|9 1386807
|
| 650 |
0 |
7 |
|a šošovky intraokulárne
|2 snkbucl
|9 1386808
|
| 655 |
|
7 |
|a články z novín a časopisov
|2 snkbucl
|9 267496
|
| 773 |
0 |
|
|t Česko-slovenská oftalmologie
|g Roč. 49, č. 5 (1993), s. 323-325
|x 0009-059X
|
| 850 |
|
|
|a Slovenská národná knižnica
|
| 852 |
|
|
|a Slovenská národná knižnica
|
| 954 |
|
|
|a odborná, vedecká literatúra cudzojazyčná (svetová)
|2 lita
|
| 958 |
|
|
|a article14
|
| 958 |
|
|
|a OND
|
| 958 |
|
|
|a RK
|
| 958 |
|
|
|a MI
|
| 958 |
|
|
|a EUIPO
|
| 992 |
|
|
|a RBX
|
| 999 |
|
|
|c 2819821
|d 2821751
|